Pays enclavés d'Afrique - Statistiques

Statistiques générales
  • Ce quiz a été pris 131 fois
  • Le résultat moyen est 14 sur 16
Statistiques - réponses
Pays % Correct
Lesotho
93%
Mali
90%
Rwanda
90%
Tchad
90%
Zimbabwe
89%
Zambie
87%
Niger
86%
Soudan du Sud
86%
Burundi
85%
Burkina Faso
84%
République Centrafricaine
83%
Eswatini
82%
Ouganda
82%
Éthiopie
81%
Botswana
79%
Malawi
76%
Aucun quiz correspondant
Distribution des résultats
% des personnes avec chaque résultat
Percentile par nombre de réponses
Votre historique - résultats
Vous n’avez pas pris ce quiz